[Event "Ì11Â  "]
[Site "Loo"]
[Date "2017.04.20"]
[Round "1.7"]
[White "Îãëîáëèí, Èëüÿ."]
[Black "Þøèí, Èãîðü."]
[Result "1-0"]
[WhiteElo "1475"]
[BlackElo "1801"]
[PlyCount "63"]
[EventDate "2017.04.20"]

1. e4 c6 2. d4 d5 3. exd5 cxd5 4. Bd3 Nf6 5. c3 Nc6 6. Bf4 e6 7. Nf3 Bd6 8.
Bxd6 Qxd6 9. Nbd2 O-O 10. O-O h6 11. Re1 Bd7 12. Ne5 Rac8 13. Re3 Qe7 14. Qe2
Ne8 15. Re1 Nxe5 16. Rxe5 Qf6 17. Qg4 g6 18. R1e3 Qg7 19. Rg3 Nf6 20. Qe2 Rfe8
21. h4 Nh7 22. h5 g5 23. f4 f6 24. Ree3 Nf8 25. fxg5 fxg5 26. Nf3 Rc7 27. Re5
Nh7 28. Bxh7+ Kxh7 29. Nxg5+ hxg5 30. Rexg5 Qh6 31. Qe5 Bc8 32. Qxc7+ 1-0

[Event "Ì11Â  "]
[Site "Loo"]
[Date "2017.04.20"]
[Round "1.8"]
[White "Õóáóêøàíîâ, Ýðäýì."]
[Black "Åðìàêîâ, Ìàêñèì."]
[Result "1-0"]
[WhiteElo "1791"]
[BlackElo "1429"]
[PlyCount "85"]
[EventDate "2017.04.20"]

1. e4 e5 2. Nf3 Nc6 3. Bc4 d6 4. c3 Be6 5. Na3 Be7 6. O-O Nf6 7. Re1 O-O 8. h3
h6 9. Bf1 Nd7 10. Nc2 f5 11. exf5 Bxf5 12. Ne3 Bh7 13. Nd5 Nb6 14. Nxe7+ Qxe7
15. Qb3+ Qf7 16. Qxf7+ Rxf7 17. Nh2 Re7 18. b3 Nd7 19. Ba3 Rae8 20. Ng4 Nf6 21.
Ne3 Rd7 22. Rac1 d5 23. Bb5 a6 24. Bxc6 bxc6 25. d4 Ne4 26. dxe5 Rxe5 27. Ng4
Rf5 28. f3 Ng5 29. Ne5 Rd8 30. Nxc6 Rd7 31. h4 Rf6 32. Re8+ Kf7 33. Rf8+ Kg6
34. Ne5+ Kf5 35. Rxf6+ Kxe5 36. Rxa6 Ne6 37. Re1+ Kf4 38. Raxe6 Kg3 39. Re7
Rxe7 40. Rxe7 Bd3 41. Rxg7+ Kxh4 42. Be7+ Kh5 43. g4# 1-0

[Event "Ì11Â  "]
[Site "Loo"]
[Date "2017.04.20"]
[Round "1.9"]
[White "Âàôèí, Òàãèð."]
[Black "Ïîðîøèí, Àëåêñàíäð."]
[Result "1-0"]
[WhiteElo "1428"]
[BlackElo "1664"]
[PlyCount "159"]
[EventDate "2017.04.20"]

1. d4 Nf6 2. c4 g6 3. Nc3 Bg7 4. e4 d6 5. Nf3 O-O 6. Be2 Qe8 7. O-O e5 8. d5
Nh5 9. Re1 f5 10. exf5 Bxf5 11. Nh4 Qf7 12. Be3 Nf6 13. b4 Ne4 14. Nxe4 Bxe4
15. Bf3 Bf5 16. Be2 Qf6 17. Nf3 Nd7 18. Rc1 a5 19. a3 Rfc8 20. c5 Qd8 21. Qd2
axb4 22. axb4 Nf6 23. Bc4 Kh8 24. Ng5 Qd7 25. c6 bxc6 26. dxc6 Qe7 27. Nf7+ Kg8
28. Nxd6+ Kh8 29. Nxc8 Rxc8 30. f3 Rd8 31. Qb2 e4 32. Bd4 Qd6 33. Be5 Qxc6 34.
Be2 Qb6+ 35. Kh1 Rd7 36. Red1 e3 37. Rxd7 Bxd7 38. Rxc7 Qe6 39. Rc1 Bc6 40. Qd4
h6 41. Qxe3 Kh7 42. Qc3 Bd7 43. Bc4 Qe7 44. Re1 Qd8 45. Qd4 Qe8 46. Bg3 Qc8 47.
Qc5 Qd8 48. Qe7 Qb6 49. Be5 Bf5 50. Bxf6 Qxf6 51. Qxf6 Bxf6 52. b5 Bd8 53. Re8
Bb6 54. Rb8 Bd4 55. b6 Be5 56. Re8 Bf4 57. b7 Bd6 58. b8=Q Bxb8 59. Rxb8 Kg7
60. Rb6 Kf8 61. Kg1 Ke8 62. Kf2 Kd7 63. Bf7 Kc7 64. Rf6 Kd7 65. Bxg6 Be6 66.
Bf5 Ke7 67. Rxe6+ Kd7 68. Rxh6+ Kc7 69. g4 Kd8 70. g5 Ke7 71. Rf6 Ke8 72. g6
Ke7 73. Rf7+ Kd6 74. g7 Ke5 75. g8=Q Kd4 76. Re7 Kc3 77. Rd7 Kb4 78. Rc7 Ka3
79. Rb7 Ka4 80. Qa8# 1-0

[Event "Ì11Â  "]
[Site "Loo"]
[Date "2017.04.20"]
[Round "1.10"]
[White "Èâ÷åíêî, Àëåêñàíäð."]
[Black "Áóãàåö, Äàíèèë."]
[Result "1-0"]
[WhiteElo "1664"]
[BlackElo "1418"]
[PlyCount "121"]
[EventDate "2017.04.20"]

1. e4 e5 2. Nf3 Nc6 3. d4 exd4 4. Nxd4 Nf6 5. Nc3 Bc5 6. Nxc6 bxc6 7. Bd3 O-O
8. O-O d5 9. Bg5 Be7 10. exd5 cxd5 11. Bxf6 Bxf6 12. Nxd5 Bxb2 13. Rb1 Bf6 14.
Qf3 Be6 15. Be4 Bxd5 16. Bxd5 Rb8 17. Rbd1 Qe7 18. Rfe1 Qc5 19. Bb3 Qc3 20. Re3
Qc5 21. Red3 Rbe8 22. Rd7 Qa5 23. g3 Re1+ 24. Kg2 Rxd1 25. Qxd1 h6 26. Qf3 Qb6
27. Qd5 Qe6 28. Qxe6 fxe6 29. Bxe6+ Kh8 30. Rxc7 Bd4 31. f4 Bb6 32. Rc8 Rxc8
33. Bxc8 Kg8 34. g4 Kf7 35. h4 g6 36. f5 g5 37. hxg5 hxg5 38. Kf3 Kf6 39. Ke4
Bc5 40. c4 Bd6 41. Kd5 Bf4 42. c5 Ke7 43. Be6 a5 44. a4 Bc7 45. Kc6 Bd8 46. Kb7
Kf6 47. c6 Ke5 48. c7 Bxc7 49. Kxc7 Kf6 50. Kb6 Ke7 51. Kxa5 Kf6 52. Kb6 Ke5
53. a5 Kf6 54. a6 Ke5 55. a7 Kd6 56. a8=Q Ke7 57. Kc6 Kf6 58. Qh8+ Ke7 59. Qg7+
Ke8 60. Qf7+ Kd8 61. Qd7# 1-0

[Event "Ì11Â  "]
[Site "Loo"]
[Date "2017.04.20"]
[Round "1.11"]
[White "ßêóøêîâ, Ïàâåë."]
[Black "Êðèâåíêî, Äìèòðèé."]
[Result "0-1"]
[WhiteElo "1404"]
[BlackElo "1659"]
[PlyCount "70"]
[EventDate "2017.04.20"]

1. e4 d5 2. exd5 Nf6 3. Bb5+ Bd7 4. Be2 Nxd5 5. d4 Bf5 6. Nf3 e6 7. O-O Be7 8.
a3 a5 9. c4 Nf6 10. Nc3 O-O 11. h3 Na6 12. Be3 c5 13. Re1 Qc7 14. b3 Rfd8 15.
Qc1 Ne4 16. Nxe4 Bxe4 17. Qc3 Bf6 18. Rad1 Bxf3 19. Bxf3 Qb6 20. Qc2 cxd4 21.
Bf4 Nc5 22. Rb1 d3 23. Qd2 Nxb3 24. Qd1 a4 25. Re3 Bd4 26. Rxd3 Bxf2+ 27. Kf1
Rxd3 28. Qxd3 Rd8 29. Qe2 Bc5 30. Qa2 Be3 31. Bxe3 Qxe3 32. Qe2 Nd2+ 33. Qxd2
Rxd2 34. Be2 Qxe2+ 35. Kg1 Qxg2# 0-1

[Event "Ì11Â  "]
[Site "Loo"]
[Date "2017.04.20"]
[Round "1.12"]
[White "Âåòîõèí, Ñàââà."]
[Black "Âîëêîâ, Èëüÿ."]
[Result "1/2-1/2"]
[WhiteElo "1657"]
[BlackElo "1404"]
[PlyCount "70"]
[EventDate "2017.04.20"]

1. e4 c5 2. Nf3 Nc6 3. g3 g6 4. Bg2 Bg7 5. O-O e6 6. c3 Nge7 7. Na3 a6 8. d4
cxd4 9. cxd4 d6 10. Be3 O-O 11. Qd2 b5 12. d5 exd5 13. exd5 Ne5 14. Nxe5 Bxe5
15. Bf4 Bxf4 16. Qxf4 Bb7 17. Rfd1 Re8 18. Rac1 Rc8 19. Rxc8 Nxc8 20. Bf3 Nb6
21. Nc2 Nc4 22. b3 Ne5 23. Bg2 Qc7 24. Nd4 Qa5 25. Qf6 Ng4 26. Qxd6 Re1+ 27.
Bf1 Rxd1 28. b4 Qxa2 29. Qd8+ Kg7 30. Nf5+ gxf5 31. Qg5+ Kf8 32. Qd8+ Kg7 33.
Qg5+ Kf8 34. Qd8+ Kg7 35. Qg5+ Kf8 1/2-1/2

[Event "Ì11Â  "]
[Site "Loo"]
[Date "2017.04.20"]
[Round "1.13"]
[White "Ãóáàðåâ, Âëàäèñëàâ."]
[Black "Êî÷åòîâ, Âëàäèñëàâ."]
[Result "0-1"]
[WhiteElo "1399"]
[BlackElo "1648"]
[PlyCount "72"]
[EventDate "2017.04.20"]

1. d4 c5 2. d5 g6 3. Bd2 Nf6 4. Bc3 Bg7 5. Nf3 O-O 6. g3 d6 7. Bg2 b5 8. O-O b4
9. Bxf6 Bxf6 10. c3 Nd7 11. Qc2 Bb7 12. e4 a5 13. a3 Qb6 14. Nbd2 Ba6 15. Rfe1
Rfc8 16. Bh3 Rc7 17. Rec1 Rac8 18. axb4 cxb4 19. Qa4 bxc3 20. bxc3 Bxc3 21.
Rxc3 Rxc3 22. Bxd7 Rc1+ 23. Rxc1 Rxc1+ 24. Kg2 Qb4 25. Qxb4 axb4 26. Ba4 Bd3
27. Bb3 Rc3 28. Nd4 Bxe4+ 29. Nxe4 Rd3 30. Nc6 Rxb3 31. Nxe7+ Kf8 32. Nc6 Rd3
33. Nxd6 Rxd5 34. Nc4 b3 35. N6a5 Rxa5 36. Nb2 Ra2 0-1

[Event "Ì11Â  "]
[Site "Loo"]
[Date "2017.04.20"]
[Round "1.14"]
[White "Òàðàñåíêî, ßðîñëàâ."]
[Black "Øåêà, Íèêîëàé."]
[Result "0-1"]
[WhiteElo "1629"]
[BlackElo "1399"]
[PlyCount "58"]
[EventDate "2017.04.20"]

1. e4 c5 2. Nc3 g6 3. f4 Bg7 4. Nf3 Nc6 5. Bc4 e6 6. O-O Nge7 7. Qe1 O-O 8. Bb3
a6 9. d3 d5 10. a3 b5 11. Qh4 Nd4 12. f5 exf5 13. Bg5 f6 14. Nxd5 Nxb3 15. cxb3
Nxd5 16. Bh6 Nb6 17. e5 fxe5 18. Ng5 Qd4+ 19. Qxd4 exd4 20. Bxg7 Kxg7 21. Rac1
h6 22. Nf3 Bb7 23. Rxc5 Rac8 24. Rfc1 Rxc5 25. Rxc5 Rc8 26. Re5 Kf6 27. Re2
Bxf3 28. gxf3 Rc1+ 29. Kf2 Nd5 0-1

[Event "Ì11Â  "]
[Site "Loo"]
[Date "2017.04.20"]
[Round "1.15"]
[White "Ïîíêðàòîâ, Àëåêñåé."]
[Black "Êîëåñîâ, Ãîðäåé."]
[Result "0-1"]
[WhiteElo "1391"]
[BlackElo "1619"]
[PlyCount "50"]
[EventDate "2017.04.20"]

1. e4 c5 2. Nf3 e6 3. c3 Ne7 4. d4 cxd4 5. cxd4 d5 6. Nc3 dxe4 7. Nxe4 Nbc6 8.
Be3 Nd5 9. Bd2 Be7 10. Bb5 O-O 11. Bxc6 bxc6 12. O-O Qb6 13. Bc3 Ba6 14. Re1
Rfd8 15. Qd2 Nxc3 16. bxc3 c5 17. Rab1 Qa5 18. Ne5 Rac8 19. Qb2 cxd4 20. cxd4
f6 21. Nf3 Bd3 22. Rbd1 Bc2 23. Ra1 Ba3 24. Qb7 Rc7 25. Qxc7 Qxc7 0-1

[Event "Ì11Â  "]
[Site "Loo"]
[Date "2017.04.20"]
[Round "1.16"]
[White "Ôîìèí, Íèêèòà."]
[Black "Äðîçäîâ, Ìàêñèì."]
[Result "1-0"]
[WhiteElo "1612"]
[BlackElo "1385"]
[PlyCount "65"]
[EventDate "2017.04.20"]

1. e4 e5 2. Nf3 Nf6 3. Nxe5 d6 4. Nf3 Nxe4 5. d4 Nf6 6. c4 Bf5 7. Bd3 Bxd3 8.
Qxd3 Be7 9. O-O O-O 10. Nc3 d5 11. Re1 Re8 12. Bg5 c6 13. Bxf6 gxf6 14. cxd5
cxd5 15. Qf5 Nc6 16. Nxd5 Qd6 17. Ne3 Rad8 18. Qg4+ Kh8 19. Nf5 Rg8 20. Qxg8+
Rxg8 21. Nxd6 Bxd6 22. Rad1 Kg7 23. Nh4 Kh8 24. a3 Bc7 25. Nf5 Rd8 26. d5 Ne5
27. d6 Bb6 28. d7 Kg8 29. Rd6 Kf8 30. Red1 Nc4 31. Rxf6 Nxb2 32. Rd5 Nc4 33.
Rh6 1-0

[Event "Ì11Â  "]
[Site "Loo"]
[Date "2017.04.20"]
[Round "1.17"]
[White "Àóøåâ, Ýìèí."]
[Black "Ìåäâåäåâ, Ìàòâåé."]
[Result "0-1"]
[WhiteElo "1364"]
[BlackElo "1605"]
[PlyCount "104"]
[EventDate "2017.04.20"]

1. e4 c6 2. d4 d5 3. Nc3 dxe4 4. Nxe4 Bf5 5. Ng3 Bg6 6. h4 h6 7. Nf3 Qc7 8. h5
Bh7 9. Bd3 Bxd3 10. Qxd3 e6 11. Bd2 Nf6 12. O-O-O Nbd7 13. Kb1 Bd6 14. Ne4 Nxe4
15. Qxe4 Nf6 16. Qe2 O-O-O 17. g3 Rhe8 18. Bc3 Qb6 19. Ne5 Nd5 20. Ka1 Bxe5 21.
dxe5 Nxc3 22. bxc3 Rd5 23. Rxd5 cxd5 24. Qf3 Qc7 25. Re1 Kb8 26. Qd3 Rc8 27.
Re3 Qa5 28. Kb2 Rc6 29. Ka1 Ra6 30. Kb1 Qa3 31. Qb5 Rb6 32. Qxb6 axb6 33. c4
Qb4+ 34. Rb3 Qxc4 35. Rxb6 Qf1+ 36. Kb2 Qxf2 37. Rb3 Qd4+ 38. c3 Qxe5 39. g4
Qe2+ 40. Ka3 Qxg4 41. Rb4 f5 42. c4 dxc4 43. Rb2 c3 44. Rc2 f4 45. Rxc3 f3 46.
Rc2 Qg2 47. Rc3 f2 48. Rc2 f1=Q 49. Rc4 Qgf3+ 50. Ka4 Qxc4+ 51. Ka5 Qfd5+ 52.
Kb6 Qcb5# 0-1

[Event "Ì11Â  "]
[Site "Loo"]
[Date "2017.04.20"]
[Round "1.18"]
[White "Ìàêîâ, Àðòåì."]
[Black "Ïîíîìàðåâ, Âñåâîëîä."]
[Result "1-0"]
[WhiteElo "1604"]
[BlackElo "1343"]
[PlyCount "73"]
[EventDate "2017.04.20"]

1. d4 d5 2. Nf3 Nf6 3. Bf4 e6 4. e3 c5 5. c3 Nc6 6. Bd3 Be7 7. Nbd2 O-O 8. Ne5
Nd7 9. Bg3 f5 10. f4 c4 11. Bc2 Qc7 12. O-O b5 13. Qh5 b4 14. Bh4 Bxh4 15. Qxh4
a5 16. Rf3 Nf6 17. h3 g6 18. g4 Rb8 19. gxf5 exf5 20. Rg3 Ne7 21. Rg2 Ne4 22.
Bxe4 fxe4 23. Kh2 Nf5 24. Qg5 Rb6 25. Re1 h6 26. Qh5 Rff6 27. Nxg6 Kh7 28. Ne5
Ng7 29. Qe2 Rf5 30. Reg1 Nh5 31. Qg4 Rg5 32. Qe2 Rf5 33. Nf1 Rb7 34. Ng3 Nxg3
35. Rxg3 Qd8 36. Qg2 Qf8 37. Rg8 1-0

[Event "Ì11Â  "]
[Site "Loo"]
[Date "2017.04.20"]
[Round "1.19"]
[White "Òîìîâ, Åâãåíèé."]
[Black "Ñîëîíåíêî, Ìàêñèì."]
[Result "1-0"]
[WhiteElo "1336"]
[BlackElo "1598"]
[PlyCount "101"]
[EventDate "2017.04.20"]

1. d4 Nf6 2. c4 e6 3. Nc3 Bb4 4. Bd2 b6 5. e3 Bb7 6. Nf3 O-O 7. Bd3 d5 8. a3
Bxc3 9. Bxc3 Ne4 10. Qc2 f5 11. O-O Nxc3 12. bxc3 Nd7 13. cxd5 Bxd5 14. Be2 c5
15. Qd2 Nf6 16. Ne5 Ne4 17. Qc2 cxd4 18. cxd4 Rc8 19. Qb2 Nc3 20. Rfc1 Nxe2+
21. Qxe2 Rc7 22. Qd2 Qg5 23. f3 Rfc8 24. Rxc7 Rxc7 25. Rc1 Qd8 26. Nd3 Qc8 27.
Rxc7 Qxc7 28. Qc1 Qxc1+ 29. Nxc1 Kf7 30. Kf2 Ke7 31. Ke2 Kd6 32. Kd3 Kc6 33.
Kc3 Kb5 34. Nd3 Ka4 35. Kb2 a5 36. Nf4 b5 37. Nh5 g6 38. Nf6 h5 39. e4 Bc4 40.
d5 b4 41. axb4 fxe4 42. fxe4 exd5 43. exd5 Kb5 44. d6 Kc6 45. d7 Kc7 46. bxa5
Bb5 47. Ka3 Bxd7 48. Nxd7 Kxd7 49. Kb4 g5 50. Kb5 g4 51. g3 1-0

[Event "Ì11Â  "]
[Site "Loo"]
[Date "2017.04.20"]
[Round "1.20"]
[White "Êóð÷åíêî, Åãîð."]
[Black "Ñóëåéìàíîâ, Ýìèðëàí."]
[Result "1/2-1/2"]
[WhiteElo "1594"]
[BlackElo "1336"]
[PlyCount "97"]
[EventDate "2017.04.20"]

1. e4 e5 2. f4 Nf6 3. d3 d6 4. Nf3 Nc6 5. Be3 exf4 6. Bxf4 Bg4 7. Be2 Bxf3 8.
Bxf3 Nd4 9. c3 Nxf3+ 10. Qxf3 Nd7 11. O-O f6 12. d4 Be7 13. Qh5+ g6 14. Qf3 O-O
15. Nd2 Rf7 16. Rae1 b5 17. Bg3 Qf8 18. e5 fxe5 19. Qxf7+ Qxf7 20. Rxf7 Kxf7
21. dxe5 dxe5 22. Bxe5 Nxe5 23. Rxe5 c6 24. Nf3 h6 25. Nd4 Bf6 26. Re4 Bxd4+
27. Rxd4 Ke7 28. Kf2 Rd8 29. Rxd8 Kxd8 30. Ke3 Kd7 31. Kd4 Kd6 32. b4 Ke6 33.
Kc5 Kd7 34. g4 g5 35. h3 Kc7 36. c4 bxc4 37. Kxc4 Kd6 38. Kd4 Kd7 39. a4 Kd6
40. b5 cxb5 41. axb5 Kc7 42. Kc4 Kb7 43. Kb4 Kb6 44. Kc4 Kb7 45. Kb3 Kb6 46.
Ka4 Kc5 47. Ka5 Kc4 48. Ka4 Kc5 49. Ka5 1/2-1/2

[Event "Ì11Â  "]
[Site "Loo"]
[Date "2017.04.20"]
[Round "1.21"]
[White "Òàíäåëîâ, Àðñåíèé."]
[Black "Ãîäæóðîâ, Ëèäæè."]
[Result "1-0"]
[WhiteElo "1305"]
[BlackElo "1587"]
[PlyCount "51"]
[EventDate "2017.04.20"]

1. e4 c5 2. Nf3 d6 3. d3 Nc6 4. Nbd2 g6 5. g3 Bg7 6. Bg2 e6 7. O-O Nge7 8. c3
O-O 9. Re1 b5 10. a3 Qa5 11. h4 b4 12. Nb3 Qc7 13. axb4 cxb4 14. cxb4 Nxb4 15.
Re2 Ba6 16. Ne1 Rfc8 17. Bf4 Qd7 18. Rd2 e5 19. Be3 d5 20. exd5 Nexd5 21. Bc5
Bb7 22. d4 Bh6 23. Re2 exd4 24. Bxd4 Qg4 25. Re8+ Rxe8 26. Qxg4 1-0

[Event "Ì11Â  "]
[Site "Loo"]
[Date "2017.04.20"]
[Round "1.22"]
[White "Ïåòðîâñêèé, Íèêèòà."]
[Black "Âëàñîâ, Äìèòðèé."]
[Result "1-0"]
[WhiteElo "1583"]
[BlackElo "1304"]
[PlyCount "63"]
[EventDate "2017.04.20"]

1. e4 e6 2. d4 d5 3. Nd2 Nf6 4. e5 Nfd7 5. Bd3 c5 6. c3 Nc6 7. Ne2 cxd4 8. cxd4
Be7 9. O-O O-O 10. Nf3 f6 11. exf6 Nxf6 12. Bg5 Qb6 13. b3 Nd7 14. Bxe7 Nxe7
15. Ng3 Nf6 16. Re1 Nc6 17. Rc1 Kh8 18. Bb1 Bd7 19. Rc5 Rac8 20. Ng5 Nxd4 21.
Rxc8 Bxc8 22. Nh5 Nb5 23. Nxf6 Rxf6 24. Qc2 g6 25. Qxc8+ Kg7 26. Qd7+ Kh6 27.
Nf7+ Kh5 28. Re5+ Kh4 29. g3+ Kg4 30. Re3 Kh5 31. Ne5 h6 32. Qg7 1-0

[Event "Ì11Â  "]
[Site "Loo"]
[Date "2017.04.20"]
[Round "1.23"]
[White "Àëåêñååâ, Àíäðåé."]
[Black "Ãàøåâ, Ìàòâåé."]
[Result "1/2-1/2"]
[WhiteElo "1257"]
[BlackElo "1582"]
[PlyCount "104"]
[EventDate "2017.04.20"]

1. d4 d5 2. Nf3 c6 3. g3 Nf6 4. Bg2 Bg4 5. Ne5 Bf5 6. O-O Nbd7 7. f4 e6 8. Nd2
Nxe5 9. fxe5 Nd7 10. Nf3 c5 11. c3 Qb6 12. Kh1 cxd4 13. cxd4 Be7 14. Qa4 Qc6
15. Qxc6 bxc6 16. Bd2 c5 17. e3 Nb6 18. b3 c4 19. Ba5 Kd7 20. Bxb6 axb6 21.
bxc4 Bd3 22. Rf2 Bxc4 23. Rc2 b5 24. Nd2 Ra7 25. Nxc4 bxc4 26. e4 Ra5 27. Rb1
Rc8 28. exd5 c3 29. Rb7+ Kd8 30. d6 Bxd6 31. exd6 Rxa2 32. Rxa2 c2 33. Rxc2
Rxc2 34. Kg1 Rc4 35. Rxf7 Rxd4 36. Rxg7 Rxd6 37. Rxh7 Rd1+ 38. Kf2 Rd2+ 39. Kf3
e5 40. Rh5 e4+ 41. Kxe4 Rxg2 42. Rd5+ Ke7 43. Rh5 Kf6 44. Kf3 Ra2 45. h4 Ra3+
46. Kg4 Ra4+ 47. Kh3 Ra3 48. Rh6+ Kf5 49. h5 Kg5 50. Rh8 Ra6 51. h6 Ra3 52. h7
Kh6 1/2-1/2

[Event "Ì13Ï "]
[Site "Loo"]
[Date "2017.04.20"]
[Round "1.1"]
[White "Øåìàõàíîâ, Äàíèëà."]
[Black "Õàëèóëëèí, Àëüáåðò."]
[Result "1-0"]
[WhiteElo "1522"]
[BlackElo "1930"]
[PlyCount "99"]
[EventDate "2017.04.20"]

1. c4 Nf6 2. Nf3 c5 3. g3 b6 4. Bg2 Bb7 5. O-O e6 6. e3 Nc6 7. d4 cxd4 8. exd4
d5 9. cxd5 Nxd5 10. Nc3 Nxc3 11. bxc3 Be7 12. Ne5 Qc8 13. Qa4 b5 14. Qxb5 Kf8
15. Bxc6 Ba6 16. Qa4 Bxf1 17. Bxa8 Qxa8 18. Kxf1 Qh1+ 19. Ke2 Qe4+ 20. Be3 f6
21. f3 Qb7 22. Nd3 Kf7 23. Qb3 Qa6 24. Rb1 Rc8 25. Rb2 Qc6 26. h4 a5 27. Nf4 a4
28. d5 axb3 29. dxc6 bxa2 30. Rxa2 Rxc6 31. Rc2 Bd6 32. c4 h6 33. c5 g5 34.
hxg5 hxg5 35. Nh5 Be7 36. Kd3 Ke8 37. Kc4 Kd7 38. Kb5 Rc8 39. c6+ Ke8 40. Kb6
Bd6 41. Nxf6+ Kf7 42. Ne4 Rb8+ 43. Ka7 Bc7 44. Nxg5+ Ke7 45. Bc5+ Ke8 46. Nxe6
Bxg3 47. c7 Rc8 48. Kb7 Bxc7 49. Nxc7+ Kd7 50. Rd2# 1-0

[Event "Ì13Ï "]
[Site "Loo"]
[Date "2017.04.20"]
[Round "1.2"]
[White "Êóçüìèí, Àðñåíèé."]
[Black "Õàéðóëëèí, Àìèð."]
[Result "1-0"]
[WhiteElo "1877"]
[BlackElo "1518"]
[PlyCount "93"]
[EventDate "2017.04.20"]

1. e4 e6 2. d4 d5 3. Nd2 dxe4 4. Nxe4 Bd7 5. Nf3 Bc6 6. Bd3 Nd7 7. O-O Ngf6 8.
Bg5 Be7 9. Nxf6+ Bxf6 10. Bxf6 Qxf6 11. Re1 O-O 12. Ne5 Nxe5 13. dxe5 Qg5 14.
f3 Rad8 15. Qe2 Qh4 16. c3 Rd7 17. Rad1 Rfd8 18. Bc2 Rd5 19. Bb3 R5d7 20. Rxd7
Rxd7 21. Rd1 a6 22. Rxd7 Bxd7 23. Bc2 Bb5 24. Qe4 Qh6 25. f4 Bc6 26. Qd3 Be8
27. Qd8 Kf8 28. g3 Qh5 29. Bd1 Qf5 30. Qxc7 Qd3 31. Qd6+ Qxd6 32. exd6 Bc6 33.
c4 b6 34. b4 Ke8 35. Kf2 Kd7 36. c5 bxc5 37. bxc5 Bd5 38. Ba4+ Bc6 39. Bxc6+
Kxc6 40. Ke3 f5 41. Kd4 a5 42. a4 h6 43. h4 h5 44. Ke5 Kd7 45. c6+ Kxc6 46.
Kxe6 g6 47. d7 1-0

[Event "Ì13Ï "]
[Site "Loo"]
[Date "2017.04.20"]
[Round "1.3"]
[White "Áåëîâ, Äàíèëà."]
[Black "Îñèïîâ, Àëåêñàíäð."]
[Result "1/2-1/2"]
[WhiteElo "1518"]
[BlackElo "1855"]
[PlyCount "81"]
[EventDate "2017.04.20"]

1. e4 e6 2. d4 d5 3. exd5 exd5 4. Nf3 c5 5. c4 cxd4 6. Qxd4 Nc6 7. Qe3+ Be7 8.
cxd5 Qxd5 9. Nc3 Qd8 10. Bb5 Nf6 11. O-O O-O 12. Qd2 Qb6 13. Qe3 Bc5 14. Qe2
Re8 15. Nd5 Qd8 16. Nxf6+ gxf6 17. Qc2 Qd5 18. Bc4 Qh5 19. Qc3 Ne5 20. Nxe5
Qxe5 21. Qg3+ Qxg3 22. hxg3 Be6 23. Bxe6 fxe6 24. Bd2 Rad8 25. Bc3 Kf7 26. Rad1
e5 27. Ba5 b6 28. Bc3 Ke7 29. a3 Rxd1 30. Rxd1 Rd8 31. Rxd8 Kxd8 32. Kf1 Ke7
33. f3 Ke6 34. g4 Kd5 35. Ke2 Kc4 36. Kd2 a5 37. Kc2 a4 38. g5 fxg5 39. Bxe5
Be7 40. Bc7 b5 41. Be5 1/2-1/2

[Event "Ì13Ï "]
[Site "Loo"]
[Date "2017.04.20"]
[Round "1.4"]
[White "Ïîçäååâ, Àëåêñåé."]
[Black "Äèêóíîâ, Àðòåì."]
[Result "0-1"]
[WhiteElo "1833"]
[BlackElo "1518"]
[PlyCount "116"]
[EventDate "2017.04.20"]

1. d4 Nf6 2. Nf3 g6 3. c4 d5 4. Bg5 Bg7 5. Nc3 c6 6. e3 Bf5 7. cxd5 Nxd5 8. Bc4
Qa5 9. Bxd5 cxd5 10. O-O Nc6 11. a3 Rc8 12. b4 Qd8 13. Rc1 O-O 14. Qb3 Bd3 15.
Rfd1 Bc4 16. Qb2 b5 17. Ne2 Qd6 18. Bf4 Qe6 19. Bg3 Bxe2 20. Qxe2 Bxd4 21. Rxc6
Qxc6 22. Nxd4 Qa6 23. Nxb5 Rc4 24. Nc7 Qxa3 25. Nxd5 Qb3 26. Nxe7+ Kg7 27. Nd5
Rd8 28. Be5+ Kf8 29. f4 Rxd5 30. Rxd5 Rc1+ 31. Kf2 Qxd5 32. Bd4 Qe4 33. Bc5+
Kg8 34. Kg3 Rc2 35. Qf1 h5 36. h4 a5 37. Qf3 Qxf3+ 38. Kxf3 a4 39. Bd4 a3 40.
b5 Rb2 41. b6 f5 42. g3 Rb1 43. Ke2 a2 44. Kd3 Rxb6 45. Kc2 Ra6 46. Ba1 Rb6 47.
Bb2 Kf7 48. Kc3 Ke6 49. Kc2 Kd5 50. e4+ fxe4 51. g4 e3 52. gxh5 e2 53. Bc3 Rc6
54. Kd2 Rxc3 55. hxg6 e1=Q+ 56. Kxe1 a1=Q+ 57. Kf2 Qb2+ 58. Kg1 Rc1# 0-1

[Event "Ì13Ï "]
[Site "Loo"]
[Date "2017.04.20"]
[Round "1.5"]
[White "Íàäâèäîâ, Àðñëàí."]
[Black "Èâàíîâ, Àðòåì."]
[Result "0-1"]
[WhiteElo "1512"]
[BlackElo "1832"]
[PlyCount "88"]
[EventDate "2017.04.20"]

1. e4 e5 2. Nf3 Nc6 3. Bc4 Bc5 4. d3 Nf6 5. c3 d6 6. Nbd2 a6 7. Nf1 O-O 8. Ng3
Be6 9. Bb3 d5 10. exd5 Bxd5 11. Bxd5 Qxd5 12. Be3 Bxe3 13. fxe3 Rad8 14. d4
exd4 15. cxd4 Rfe8 16. Qd2 Nxd4 17. Nxd4 Qxd4 18. Qxd4 Rxd4 19. O-O Rd2 20. Rf2
Red8 21. Rc1 Rd1+ 22. Rf1 Rxc1 23. Rxc1 c6 24. Nf1 Rd3 25. Kf2 Kf8 26. Ke2 Rd5
27. Rd1 Rxd1 28. Kxd1 Ke7 29. Ke2 Kd6 30. Kd3 Nd5 31. a3 g6 32. Nd2 f5 33. Nc4+
Kd7 34. g3 c5 35. b3 b5 36. Nd2 Nf6 37. Nf3 Kd6 38. Nd2 Kd5 39. h3 Ne4 40. Nxe4
fxe4+ 41. Kc3 a5 42. b4 cxb4+ 43. axb4 a4 44. g4 g5 0-1

[Event "Ì13Ï "]
[Site "Loo"]
[Date "2017.04.20"]
[Round "1.6"]
[White "Ñìîëèí, Àëåêñåé."]
[Black "Ñàâèöêèé, Êèðèëë."]
[Result "1/2-1/2"]
[WhiteElo "1815"]
[BlackElo "1508"]
[PlyCount "74"]
[EventDate "2017.04.20"]

1. e4 c5 2. Nf3 Nc6 3. d4 cxd4 4. Nxd4 Nf6 5. Nc3 e5 6. Ndb5 d6 7. Bg5 a6 8.
Na3 b5 9. Nd5 Qa5+ 10. Bd2 Qd8 11. Bg5 Qa5+ 12. c3 Nxe4 13. Be3 Rb8 14. Nc2 Be7
15. Bd3 Nf6 16. Bb6 Rxb6 17. b4 Nxd5 18. bxa5 Nxa5 19. Qd2 Nc6 20. O-O O-O 21.
Bxh7+ Kxh7 22. Qxd5 Be6 23. Qd3+ Kg8 24. Ne3 Rb7 25. Nf5 Bxf5 26. Qxf5 Bf6 27.
Rfe1 Ne7 28. Qf3 d5 29. a4 e4 30. Qf4 Bxc3 31. Qd6 Bxe1 32. Rxe1 Ra8 33. f3
bxa4 34. fxe4 dxe4 35. h3 f5 36. g4 g6 37. gxf5 gxf5 {
äàëåå çàïèñü íåðàçáîð~~èâà} 1/2-1/2

[Event "Ì13Ï "]
[Site "Loo"]
[Date "2017.04.20"]
[Round "1.7"]
[White "Ìèõååâ, Àëåêñàíäð."]
[Black "Öûðåíäàøèåâ, Áàòî."]
[Result "1-0"]
[WhiteElo "1500"]
[BlackElo "1810"]
[PlyCount "117"]
[EventDate "2017.04.20"]

1. d4 d5 2. Nf3 Nf6 3. g3 e6 4. Bg2 c5 5. e3 Nbd7 6. O-O Be7 7. c4 dxc4 8. Qa4
O-O 9. Qxc4 Rb8 10. Nc3 Nb6 11. Qe2 Qc7 12. Nb5 Qd8 13. Nxa7 Bd7 14. Nb5 c4 15.
Nc3 Rc8 16. Ne5 Nfd5 17. e4 Nf6 18. Be3 Ne8 19. Rad1 f6 20. Nxd7 Nxd7 21. Bh3
f5 22. d5 e5 23. Bxf5 Nd6 24. Bh3 Ra8 25. Qg4 Nf6 26. Qe6+ Nf7 27. Nb5 Ra6 28.
d6 Bxd6 29. Qxc4 Rc6 30. Qb3 Kh8 31. Be6 Nh6 32. Nxd6 Rxd6 33. Bc5 Nxe4 34.
Bxd6 Nxd6 35. Qd5 Qf6 36. Rd2 Ndf5 37. Bxf5 Nxf5 38. Re1 Nd4 39. Re3 h6 40. Kg2
Nc6 41. Rf3 Qe7 42. Rxf8+ Qxf8 43. a3 Qf6 44. Qf3 Qe7 45. Qe4 Qf6 46. Rd3 Nd4
47. Re3 Nc6 48. Rf3 Qe7 49. Qg6 Kg8 50. Rd3 Nd4 51. Qe4 Qc7 52. Rc3 Nc6 53.
Qd5+ Kh7 54. Rf3 Qb6 55. Qe4+ Kg8 56. Qg6 Qxb2 57. Qe8+ Kh7 58. Rf8 Qxa3 59.
Rh8# 1-0

[Event "Ì13Ï "]
[Site "Loo"]
[Date "2017.04.20"]
[Round "1.8"]
[White "Ôèëàòîâ, Ãåîðãèé."]
[Black "Êîíüêîâ, Ìèõàèë."]
[Result "1-0"]
[WhiteElo "1793"]
[BlackElo "1497"]
[PlyCount "53"]
[EventDate "2017.04.20"]

1. d4 d5 2. c4 e6 3. Nf3 g6 4. g3 Bg7 5. Bg2 Nf6 6. O-O O-O 7. Nc3 b6 8. Bg5
Nbd7 9. cxd5 exd5 10. Nxd5 Bb7 11. Ne5 h6 12. Bxf6 Bxf6 13. Nxf6+ Nxf6 14. Bxb7
Rb8 15. Nc6 Qd7 16. Nxb8 Rxb8 17. Bg2 Qf5 18. Qc1 Re8 19. Qxc7 Rxe2 20. Qf4 Qe6
21. d5 Nxd5 22. Bxd5 Qxd5 23. Rad1 Qxa2 24. Qf6 Re8 25. Rfe1 Qa4 26. Rxe8+ Qxe8
27. Rd8 1-0

[Event "Ì13Ï "]
[Site "Loo"]
[Date "2017.04.20"]
[Round "1.9"]
[White "Íóäèí, Âëàäèñëàâ."]
[Black "×óêëèí, Èâàí."]
[Result "1-0"]
[WhiteElo "1493"]
[BlackElo "1791"]
[PlyCount "159"]
[EventDate "2017.04.20"]

1. e4 c5 2. c3 e6 3. d4 d5 4. exd5 exd5 5. Nf3 Nf6 6. Bb5+ Bd7 7. Qe2+ Be7 8.
dxc5 O-O 9. Bxd7 Nbxd7 10. b4 Re8 11. Be3 Ng4 12. O-O Nxe3 13. fxe3 Bg5 14.
Nxg5 Qxg5 15. Rf3 Qe5 16. Qd3 a5 17. Qd4 Qe6 18. Nd2 Ne5 19. Rg3 f6 20. a3 Nc6
21. Qf4 axb4 22. cxb4 d4 23. exd4 Nxb4 24. Rb1 Nd5 25. Qd6 Qxd6 26. cxd6 Nf4
27. Kf1 Ne2 28. Rd3 Nf4 29. Rf3 Ne6 30. Rxb7 Nxd4 31. Rd3 Ne6 32. Rc3 Red8 33.
d7 Kf8 34. Nc4 Nc5 35. Rc7 Nxd7 36. Rd3 Ne5 37. Nxe5 fxe5 38. Rf3+ Kg8 39. Rff7
Rf8 40. Rxf8+ Kxf8 41. Rc3 Kf7 42. Ke2 Kf6 43. Kd3 Ra4 44. Rb3 Kf5 45. Ke3 Ra5
46. Kf3 g5 47. g4+ Ke6 48. Ke4 Ra4+ 49. Rb4 Rxa3 50. Rb6+ Ke7 51. Rh6 Ra4+ 52.
Kf5 Rf4+ 53. Kxg5 Rf7 54. Ra6 Rf2 55. Ra7+ Kf8 56. Rxh7 e4 57. Rh3 Rf3 58. Kh4
Rf2 59. Kg3 Rf6 60. Rh5 Re6 61. Kf2 e3+ 62. Ke2 Re4 63. h3 Kg7 64. Ra5 Kg6 65.
Ra3 Kg5 66. Rxe3 Ra4 67. Kf3 Kh4 68. Re5 Ra3+ 69. Kf4 Kxh3 70. Rh5+ Kg2 71. g5
Ra4+ 72. Ke5 Ra5+ 73. Kf6 Ra6+ 74. Kg7 Ra5 75. Kh6 Kg3 76. g6 Ra8 77. Kh7 Kg4
78. Rd5 Ra1 79. g7 Rh1+ 80. Kg6 1-0